| 000 | 00000nam##2200000za#4500 |
| 001 | 9.662323 |
| 003 | CaOODSP |
| 005 | 20210615120506 |
| 007 | ta |
| 008 | 150407|2000||||xxc||||| f|0| 0 eng|d |
| 020 | |a0-662-65348-3 |
| 040 | |aCaOODSP|beng |
| 041 | |aeng |
| 041 | |afre |
| 043 | |an-cn--- |
| 086 | 1 |aSC94-75/2000 |
| 110 | 1 |aCanada.|bCanadian Centre for Management Development. |
| 245 | 10|aModernizing governance : |ba preliminary exploration / |cprepared by Jane Jenson et al. |
| 260 | |aOttawa - Ontario : |bCanadian Centre for Management Development |c2000. |
| 300 | |aEnglish text, iv, 185p. ; |c28 cm. |
| 500 | |anull |
| 546 | |aBilingual |
| 563 | |aRing binding |
| 590 | |a02-04|b2002-01-25 |
| 720 | 1 |aJenson, Jane |
| 776 | 0#|tLa modernisation de la gouvernance : |w(CaOODSP)9.640017 |
| 776 | 0#|tModernizing governance : |w(CaOODSP)9.695897 |
| 792 | |tLa modernisation de la gouvernance : |efre|w(CaOODSP)9.662324 |